Tanzanian Diaspora Quiz Stats

 Plays Quiz not verified by Sporcle

Challenge
Share
Tweet
Embed
Score 0/30 Timer 05:00
0 Plays Today
Number of Tanzanians Country % Correct
18,924USA
95.6%
31,108UK
94.4%
10,662South Africa
94.4%
33,015Kenya
92.2%
22,900Canada
91.1%
331Turkey
88.9%
25,093Uganda
86.7%
612France
86.7%
1,372Germany
86.7%
210Russia
86.7%
3,984Australia
86.7%
1,320Italy
85.6%
1,523Netherlands
85.6%
7,511Mozambique
85.6%
907Norway
84.4%
Number of Tanzanians Country % Correct
1,640Sweden
84.4%
513Finland
83.3%
45,373Rwanda
83.3%
1,036Denmark
82.2%
272Ireland
81.1%
1,281Zambia
81.1%
229Greece
80%
876Switzerland
77.8%
498China
75.6%
24,851Burundi
73.3%
2,705Botswana
71.1%
261Libya
55.6%
521Eritrea
51.1%
248Malaysia
50%
171Cyprus
46.7%

You're not logged in!

Compare scores with friends on all Sporcle quizzes.
Join for Free
OR
Log In

You Might Also Like...

Show Comments

Extras

Top Quizzes Today


Score Distribution

Your Account Isn't Verified!

In order to create a playlist on Sporcle, you need to verify the email address you used during registration. Go to your Sporcle Settings to finish the process.

Report this User

Report this user for behavior that violates our Community Guidelines.

Details: